Las maquinas / (Record no. 27275)

MARC details
000 -LEADER
fixed length control field 01102cam a2200325Ia 4500
001 - CONTROL NUMBER
control field 30557494
003 - CONTROL NUMBER IDENTIFIER
control field OCoLC
005 - DATE AND TIME OF LATEST TRANSACTION
control field 20220809123408.0
008 - FIXED-LENGTH DATA ELEMENTS--GENERAL INFORMATION
fixed length control field 940606s1993 sp a j 001 0 spa d
020 ## - INTERNATIONAL STANDARD BOOK NUMBER
International Standard Book Number 8434839970
020 ## - INTERNATIONAL STANDARD BOOK NUMBER
International Standard Book Number 9788434839977
040 ## - CATALOGING SOURCE
Original cataloging agency CS1
Transcribing agency CS1
Modifying agency JRQ
041 1# - LANGUAGE CODE
Language code of text/sound track or separate title spa
Language code of original eng
092 ## - LOCALLY ASSIGNED DEWEY CALL NUMBER (OCLC)
Classification number [621.8]
Item number B168
100 1# - MAIN ENTRY--PERSONAL NAME
Personal name Baker, Wendy.
240 00 - UNIFORM TITLE
Uniform title <a href="Machines.">Machines.</a>
Language of a work Spanish.
245 14 - TITLE STATEMENT
Title Las maquinas /
Statement of responsibility, etc. Wendy Baker y Andrew Haslam ; escrito por David Glover ; fotografia, Jon Barnes ; asesor de la coleccion, John Chaldecott ; asesor cientifico, Graham Peacock ; traduccion del ingles, Almudena Bautista.
260 ## - PUBLICATION, DISTRIBUTION, ETC. (IMPRINT)
Place of publication, distribution, etc. Madrid :
Name of publisher, distributor, etc. Ediciones SM,
Date of publication, distribution, etc. c1993.
300 ## - PHYSICAL DESCRIPTION
Extent 48 p. :
Other physical details col. ill. ;
Dimensions 28 cm.
440 #0 - SERIES STATEMENT/ADDED ENTRY--TITLE
Title Experimenta con ;
Volume/sequential designation 5.
500 ## - GENERAL NOTE
General note Translation of: Machines.
500 ## - GENERAL NOTE
General note "A partir de 9 anos"--P. [4] of cover.
500 ## - GENERAL NOTE
General note Includes index.
650 #0 - SUBJECT ADDED ENTRY--TOPICAL TERM
Topical term or geographic name as entry element Machinery
General subdivision Experiments
Form subdivision Juvenile literature.
700 1# - ADDED ENTRY--PERSONAL NAME
Personal name Haslam, Andrew.
700 1# - ADDED ENTRY--PERSONAL NAME
Personal name Glover, David.
700 1# - ADDED ENTRY--PERSONAL NAME
Personal name Barnes, Jon.
740 0# - ADDED ENTRY--UNCONTROLLED RELATED/ANALYTICAL TITLE
Uncontrolled related/analytical title Experimenta con las maquinas.
942 ## - ADDED ENTRY ELEMENTS (KOHA)
Koha item type Libro/Book
Source of classification or shelving scheme Dewey Decimal Classification
Holdings
Withdrawn status Lost status Damaged status Not for loan Home library Current library Date acquired Inventory number Total Checkouts Full call number Barcode Date last seen Price effective from Koha item type Shelving location Checked out Date checked out
        Azul y Blanco -- Satellite Azul y Blanco 27/07/2022 inventory date: 22-1-25 1 JNC 35201604 18/03/2026 27/07/2022 Libro/Book   22/04/2026 18/03/2026
        Barbudos -- Satellite Barbudos -- Satellite 27/07/2022   2 JF 35802066 23/10/2024 27/07/2022 Libro/Book   27/11/2024 23/10/2024
        Capulin -- Satellite Capulin -- Satellite 27/07/2022 Inventory date: 7/7/25   JF 35102091 27/07/2022 27/07/2022 Libro/Book      
        San Juan Del Sur -- Mobile Cardenas 08/08/2022   2 JF 33016638 03/10/2023 08/08/2022 Libro/Book   07/11/2023 03/10/2023
        Genizero -- Satellite Genizero -- Satellite 27/07/2022 Inventory date: 7/7/25 1 JF 35602238 28/04/2024 27/07/2022 Libro/Book     28/04/2024
        Las Brisas 2 -- Satellite Las Brisas 2 -- Satellite 27/07/2022     JF 40102451 27/07/2022 27/07/2022 Libro/Book      
        Las Marias -- Satellite Las Marias -- Satellite 27/07/2022 inventory date: 31/1/25   JNC 3600597 27/07/2022 27/07/2022 Libro/Book      
        San Juan Del Sur -- Mobile Las delicias 08/08/2022   3 JF 33016637 10/10/2023 08/08/2022 Libro/Book   14/11/2023 10/10/2023
        Monte Cristo -- Satellite Monte Cristo -- Satellite 27/07/2022     JF 40202448 27/07/2022 27/07/2022 Libro/Book      
        San Juan Del Sur -- Mobile Ostional 31/08/2022 Inventory date: 27-2-25 6 JNC 33016514 17/03/2026 31/08/2022 Libro/Book   21/04/2026 17/03/2026
        Las Brisas 1 -- Satellite Rejega 27/07/2022   2 JF 40002328 01/11/2023 27/07/2022 Libro/Book   06/12/2023 01/11/2023
        San Juan Del Sur -- Biblioteca San Juan Del Sur -- Biblioteca 27/07/2022   2 JF 30029540 29/01/2024 27/07/2022 Libro/Book Children's Area 05/02/2024 29/01/2024
        San Juan Del Sur -- Biblioteca San Juan Del Sur -- Biblioteca 27/07/2022     JF 30029539 27/07/2022 27/07/2022 Libro/Book Children's Area    
        Carrizal -- Satellite San Juan Del Sur -- Biblioteca 27/07/2022 Inventory date: 13-1-25 1 JNC 3700477 14/02/2024 27/07/2022 Libro/Book     10/07/2023
        San Juan Del Sur -- Mobile San Juan Del Sur -- Mobile 01/02/2025 Inventory date: 1-2-25   JNC 30029681 01/02/2025 01/02/2025 Libro/Book      
      In Process Sevadilla -- Satellite Sevadilla -- Satellite 27/07/2022     JF 35402238 27/07/2022 27/07/2022 Libro/Book      
        Zaragoza -- Satellite Zaragoza -- Satellite 27/07/2022 Inventory date: 7/7/25   JF 35502241 27/07/2022 27/07/2022 Libro/Book      

Powered by Koha